00670nam a22001697a 4500003000900000005001700009008004100026040001300067100004300080245005800123260006200181300001000243500011600253942001200369999001900381952010000400IT-RoPau20220918181220.0140523b xxu||||| |||| 00| 0 eng d cIT-RoPau aPie Discepole del Divin Maestro926322 aDonne del VangelobLe Pie Discepole del Divin Maestro aRomabCongregazione delle Pie Discepole del Divin Maestro c20 cm aDonne del Vangelo. Le Pie Discepole del Divin Maestro. Durata: 30 minuti ca. Nova T. Tutti i diritti riservati 2ddccVH c104396d104396 00102ddc406P_D671aPAULUSbPAULUSd2014-05-23l0oP D6r2014-05-23 00:00:00w2014-05-23yVH